| 000 | 00926nam a2200241 i 4500 | ||
|---|---|---|---|
| 001 | 28979 | ||
| 003 | ES-MaACL | ||
| 005 | 20230909063104.0 | ||
| 007 | t| | ||
| 008 | 030120s1876 sp ||||1| spa d | ||
| 080 | _a821.134.2-23"18" | ||
| 100 | 1 |
_aBalaguer, Víctor, _d1824-1901 _924806 |
|
| 245 | 1 | 0 |
_aTrajedias / _cVíctor Balaguer. |
| 250 | _aEd. elzeviriana. | ||
| 260 |
_aBarcelona : _b[s.n.], _c1876 ( _fImp. de la Renaixensa) |
||
| 300 |
_a246 p. ; _c20 cm. |
||
| 505 | 8 | _aContiene: La muerte de Aníbal. Coriolano. La sombra de César. La fiesta de Tibulo. La muerte de Nerón. Saffo. La tragedia de Llivia. La última hora de Colón. | |
| 530 | _aDisponible en formato digital. | ||
| 546 | _aTexto en catalán y traducción en castellano. | ||
| 852 |
_aES-MaACL _jG-1894 |
||
| 856 |
_uhttp://bdh-rd.bne.es/viewer.vm?id=0000110041&page=1 _zBiblioteca Digital Hispánica |
||
| 999 |
_c28979 _d28979 |
||